[Event "Prva liga RS seniori 2012"]
[Site "Banja Vrucica SRB"]
[Date "2012.08.11"]
[Round "1"]
[White "Bulajic,R"]
[Black "Spasenovic,Z"]
[Result "1-0"]
[WhiteElo "2325"]
[BlackElo "2143"]

1.d4 d5 2.c4 c6 3.Nc3 Nf6 4.Nf3 a6 5.Qc2 g6 6.e4 dxe4 7.Nxe4 Nxe4 8.Qxe4 Bg7
9.Be2 O-O 10.O-O Nd7 11.Rd1 Nf6 12.Qh4 Bg4 13.Bg5 Bxf3 14.Bxf3 Qb6 15.b3 Rad8
16.Rac1 Rd7 17.Rc3 Qa5 18.Rc2 Rfd8 19.Rcd2 h6 20.Be3 Kh7 21.h3 Ng8 22.g4 Qc7
23.g5 Qa5 24.d5 cxd5 25.cxd5 f6 26.b4 Qa4 27.gxh6 Nxh6 28.Kh1 a5 29.Rg1 Qxb4
30.Rd4 Qc3 31.Be4 e5 32.Rd3 Qb4 33.Bxh6 Bxh6 34.Rxg6  1-0

[Event "FSIMB August 2012"]
[Site "Budapest HUN"]
[Date "2012.08.11"]
[Round "8.4"]
[White "Samhouri,A"]
[Black "Farago,S"]
[Result "0-1"]
[WhiteElo "2373"]
[BlackElo "2254"]

1.d4 d5 2.Nf3 Nf6 3.c4 c6 4.Nc3 a6 5.Ne5 b5 6.cxd5 cxd5 7.g3 e6 8.Bg2 Bb7
9.O-O Be7 10.a4 b4 11.Nb1 Nfd7 12.Nxd7 Nxd7 13.Nd2 a5 14.Nb3 Qb6 15.Be3 O-O
16.Qd2 Rfc8 17.Rfc1 Rc6 18.f3 Rc4 19.Bf2 Qc6 20.Bf1 Nb6 21.e3 Nxa4 22.Bxc4 dxc4
23.e4 Qb5 24.Qe2 Ba6 25.Nc5 Nxc5 26.dxc5 Bxc5 27.b3 Bxf2+ 28.Qxf2 c3 29.Rd1 h5
30.Rd6 Rc8 31.Kg2 Qe2 32.Rdd1 a4 33.bxa4 b3 34.Qxe2 Bxe2 35.Re1 b2 36.Rab1 Bd3
37.Rbd1 c2  0-1

[Event "FSIMA August 2012"]
[Site "Budapest HUN"]
[Date "2012.08.11"]
[Round "8.2"]
[White "Szeberenyi,A"]
[Black "To,N"]
[Result "1/2-1/2"]
[WhiteElo "2334"]
[BlackElo "2287"]

1.d4 d5 2.c4 c6 3.Nc3 Nf6 4.Nf3 a6 5.e3 b5 6.b3 Bg4 7.Be2 Nbd7 8.h3 Bh5 9.O-O e6
10.Bb2 Be7 11.Ne5 Bxe2 12.Qxe2 O-O  1/2-1/2

[Event "113th US Open 2012"]
[Site "Vancouver USA"]
[Date "2012.08.12"]
[Round "9"]
[White "Ramirez,Alej"]
[Black "Shetty,A"]
[Result "1/2-1/2"]
[WhiteElo "2559"]
[BlackElo "2267"]

1.d4 d5 2.c4 c6 3.Nf3 Nf6 4.Nc3 a6 5.g3 dxc4 6.a4 e6 7.Bg2 c5 8.O-O Nc6 9.Ne5 Bd7
10.Nxd7 Qxd7 11.d5 exd5 12.Nxd5 Nxd5 13.Qxd5 Qxd5 14.Bxd5 Rd8 15.Bxc6+ bxc6
16.Be3 Rb8 17.Ra2 Bd6 18.Rc1 Kd7 19.Rxc4 Rb4 20.Rc2 Rhb8 21.Bd2 Rb3 22.Bc3 f6
23.Ra1 Ke6 24.Rd1 R8b7 25.Kf1 h5 26.h4 c4 27.Rd4 c5 28.Re4+ Kd5 29.Re8 Kc6
30.Ra8 Be5 31.Bxe5 fxe5 32.Rxc4 Rxb2 33.Rc8+ Kd6 34.R8xc5 Ra2 35.Rc6+ Kd7
36.Rg6 Rb1+ 37.Kg2 Rxe2 38.Rxg7+ Kd6 39.Rg6+ Kd7 40.Kf3 Rbb2 41.Rxa6 Rxf2+
42.Ke4 Rb3 43.Kxe5 Re3+ 44.Re4 Rxg3 45.Ra7+ Kc6 46.Rh7 Ra3 47.Rxh5 Rfa2 48.Rh6+ Kc5
49.Ra6 Rf3 50.Rf6 Rfa3 51.Rff4 Rh3 52.Rc4+ Kb6 53.Kf5 Re2 54.Rce4 Rd2 55.Kg5 Rg2+
56.Rg4 Rd2 57.Ref4 Rd8 58.Rf6+ Ka5 59.Rf5+ Ka6 60.h5 Rg8+ 61.Kf4 Rh8 62.Rg6+ Kb7
63.Kg4 Rh1 64.a5 Rg1+ 65.Kf4 Rf1+  1/2-1/2

[Event "2nd Split Open 2012"]
[Site "Split CRO"]
[Date "2012.08.13"]
[Round "3.36"]
[White "Bleuzen,E"]
[Black "Kiselev,AS"]
[Result "1-0"]
[WhiteElo "1986"]
[BlackElo "2191"]

1.d4 d5 2.c4 c6 3.Nc3 Nf6 4.Nf3 a6 5.a4 g6 6.g3 Bg7 7.Bg2 O-O 8.O-O Ne4 9.Qc2 Nxc3
10.bxc3 dxc4 11.Qa2 c5 12.Rb1 Nc6 13.Rd1 Na5 14.Ba3 Bf5 15.Rb2 cxd4 16.Nxd4 Qc7
17.Nxf5 gxf5 18.Rd5 Nb3 19.Rxf5 Rfd8 20.Qb1 Qd7 21.Rh5 Qd1+ 22.Bf1 Qxb1 23.Rxb1 e6
24.e3 b5 25.axb5 axb5 26.Bb4 Rab8 27.Bg2 f5 28.e4 Nd2 29.Re1 Nxe4 30.Bxe4 fxe4
31.Rxe4 Rd5 32.Rhh4 Rb6 33.Rhf4 Ra6 34.Rf3 Rf5 35.Rxf5 exf5 36.Re8+ Kf7 37.Rb8  1-0

[Event "2nd Metropolitan International"]
[Site "Los Angeles USA"]
[Date "2012.08.14"]
[Round "1"]
[White "Helfst,Matt D"]
[Black "Liou,Y"]
[Result "0-1"]
[WhiteElo "1991"]
[BlackElo "2350"]

1.Nf3 d5 2.d4 Nf6 3.c4 c6 4.Nc3 a6 5.e3 b5 6.b3 Bg4 7.Bd3 e6 8.O-O Nbd7 9.h3 Bh5
10.g4 Bg6 11.Ne5 Nxe5 12.dxe5 Nd7 13.f4 Bxd3 14.Qxd3 Nc5 15.Qd4 b4 16.Ne2 Ne4
17.Bb2 Bc5 18.Qd3 O-O 19.Rf3 a5 20.Ng3 Nxg3 21.Rxg3 a4 22.Rc1 Qb6 23.Bd4 axb3
24.axb3 Bxd4 25.exd4 Rfd8 26.c5 Qa6 27.Qe3 Qb7 28.f5 Qe7 29.Rf1 Qh4 30.Rgf3 Ra7
31.Rf4 Rda8 32.Qf3 Ra1 33.fxe6 Rxf1+ 34.Kxf1 fxe6 35.Rf7 Qg5 36.Qf4 Qg6 37.Rb7 Qb1+
38.Kg2 Ra2+ 39.Kf3 Qf1+ 40.Kg3 Qe1+  0-1

[Event "25th Panevezys IM"]
[Site "Panevezys LTU"]
[Date "2012.08.14"]
[Round "2.5"]
[White "Vedrickas,T"]
[Black "Narmontas,M"]
[Result "1/2-1/2"]
[WhiteElo "2344"]
[BlackElo "2409"]

1.d4 d5 2.c4 c6 3.Nf3 Nf6 4.Nc3 a6 5.c5 g6 6.Bf4 Bg7 7.h3 Ne4 8.e3 Nxc3 9.bxc3 Nd7
10.Be2 O-O 11.O-O Re8 12.c4 e5 13.Bg5 Qa5 14.cxd5 cxd5 15.Nd2 exd4 16.Nb3 Qc7
17.exd4 Nf6 18.Bxf6 Bxf6 19.Bf3  1/2-1/2

[Event "16th Izmailov Mem"]
[Site "Tomsk RUS"]
[Date "2012.08.15"]
[Round "9.8"]
[White "Lavrov,S UKR"]
[Black "Ponomarev,Dm"]
[Result "1/2-1/2"]
[WhiteElo "2409"]
[BlackElo "2391"]

1.d4 d5 2.c4 c6 3.Nc3 Nf6 4.Nf3 a6 5.a4 e6 6.g3 Nbd7 7.Bg2 Bb4 8.O-O b6 9.e4 dxc4
10.d5 Bxc3 11.dxe6 Bb4 12.exd7+ Qxd7 13.Ne5 Qe6 14.f4 O-O 15.Qc2 b5 16.Be3 Bb7
17.h3 c5 18.g4 Nd7 19.Nxd7 Qxd7 20.Rad1 Qe7 21.e5 Rad8 22.Be4 Bxe4 23.Qxe4 Rxd1
24.Rxd1 Rd8 25.Rd5 h5 26.gxh5 Rxd5 27.Qxd5 Qh4 28.Qa8+ Kh7 29.Qe4+ Kg8 30.Qa8+ Kh7
31.Qe4+ Kg8 32.Qa8+  1/2-1/2

[Event "2nd Split Open 2012"]
[Site "Split CRO"]
[Date "2012.08.16"]
[Round "6.3"]
[White "Gagarin,V"]
[Black "Jovanic,O"]
[Result "1/2-1/2"]
[WhiteElo "2372"]
[BlackElo "2508"]

1.d4 d5 2.c4 c6 3.Nf3 Nf6 4.Nc3 a6 5.c5 Bf5 6.Qb3 Qc8 7.Bf4 Nbd7 8.h3 e6
9.e3 Be7 10.Be2 h6 11.O-O O-O 12.Rfc1 Re8 13.Qd1 Bd8 14.b4 Bc7 15.a4 e5 16.dxe5 Nxe5
17.Nd4 Bg6 18.b5 Ned7 19.Bxc7 Qxc7 20.Nb3 Qe5 21.bxc6 bxc6 22.a5 Qg5 23.Qf1 Reb8
24.Nd4 Nxc5 25.Nxc6 Re8 26.Nd4 Nfe4 27.Nf3 Qf5 28.Nd4 Qg5 29.Nf3 Qf5 30.Nd4  1/2-1/2

[Event "11th Lichtenberger Sommer 2012"]
[Site "Berlin GER"]
[Date "2012.08.18"]
[Round "1.11"]
[White "Colpe,M"]
[Black "Sappok,Marius"]
[Result "1-0"]
[WhiteElo "2290"]
[BlackElo "1977"]

1.d4 d5 2.c4 c6 3.Nf3 Nf6 4.Nc3 a6 5.a4 e6 6.g3 dxc4 7.Bg2 c5 8.dxc5 Qxd1+
9.Nxd1 Bxc5 10.Ne5 O-O 11.Ne3 Rd8 12.Bd2 Nd5 13.N3xc4 Nb4 14.O-O N8c6 15.Rfd1 Nd5
16.Nxc6 bxc6 17.e4 Nb6 18.Bb4 Rxd1+ 19.Rxd1 Bxb4 20.Rd8+  1-0

[Event "LBV Open A 2012"]
[Site "Roosendaal NED"]
[Date "2012.08.18"]
[Round "5.6"]
[White "Wantola,I"]
[Black "Kasparov,S"]
[Result "1/2-1/2"]
[WhiteElo "2330"]
[BlackElo "2490"]

1.Nf3 d5 2.d4 Nf6 3.c4 c6 4.Nc3 a6 5.a4 e6 6.g3 c5 7.cxd5 cxd4 8.Qxd4 exd5
9.Be3 Bd6 10.Bg2 Nc6 11.Qd1 Be6 12.O-O O-O 13.Nd4 Ng4 14.Nxe6 fxe6 15.Bh3 Nce5
16.Bd4 Qe7 17.f4 Nc6 18.Bxg4 Nxd4 19.Kh1 Nc6 20.e3 Rad8 21.Qe2 Kh8 22.Rad1 Bb4
23.Na2 Bc5 24.e4 Nd4 25.Qg2 e5 26.Nc3 dxe4 27.Qxe4 exf4 28.Qxe7 Bxe7 29.Rxf4 Rxf4
30.gxf4 g6 31.Kg2 Kg7 32.h3 Kf7 33.Ne2 h5 34.Rxd4 Rxd4 35.Nxd4 hxg4 36.hxg4 Bf6
37.Nb3 Bxb2 38.Kf3 Ke7 39.Ke4 Kd6 40.Na5 b5 41.axb5 axb5 42.Nb3 Bf6 43.g5 Bc3
44.f5 gxf5+ 45.Kxf5 Kd5 46.g6 b4 47.Na5 Be5 48.Nb3 Bg7 49.Na5 Be5 50.Nb3 Bg7
51.Na5 Be5  1/2-1/2

[Event "ZMDI Open A 2012"]
[Site "Dresden GER"]
[Date "2012.08.20"]
[Round "3"]
[White "Leniart,A"]
[Black "Meier,V"]
[Result "1-0"]
[WhiteElo "2475"]
[BlackElo "2232"]

1.Nf3 d5 2.d4 Nf6 3.c4 c6 4.Nc3 a6 5.c5 Bf5 6.h3 g6 7.Bf4 Bg7 8.Ne5 O-O 9.g4 Be6
10.Qb3 Ra7 11.Bg2 Nfd7 12.Nxd7 Nxd7 13.Rd1 f5 14.gxf5 gxf5 15.O-O Bf7 16.Na4 e5
17.dxe5 Nxe5 18.Nb6 Ng6 19.Bd6 Re8 20.e3 Nh4 21.Bg3 Nxg2 22.Kxg2 Qe7 23.Bd6 Qe4+
24.Kh2 Bh5 25.Rd2 Re6 26.Rg1 Rg6 27.Rxg6 hxg6 28.f4 Qe8 29.Kg3 a5 30.a4 Bf6
31.Qd3 Kh7 32.Kg2 Ra6 33.Be5 Bxe5 34.fxe5 Qxe5 35.Qd4 Qe7 36.h4 Kg8 37.Rf2 Kh7
38.Rf4 Qe6 39.Kg3 Qe7 40.Kf2 Qe6 41.Ke1 Qe7 42.Kd2 Qe6 43.Kd3 Qe7 44.Rf1 Bg4
45.Kd2 Qxh4 46.Qe5 Qd8 47.Rh1+ Bh5 48.Qd6 Qh8 49.Kc2 Rxb6 50.Qe7+  1-0

[Event "14th Sants Open A"]
[Site "Barcelona ESP"]
[Date "2012.08.22"]
[Round "6.14"]
[White "Sowray,P"]
[Black "Collins,S IRL"]
[Result "0-1"]
[WhiteElo "2375"]
[BlackElo "2459"]

1.d4 d5 2.c4 c6 3.Nf3 Nf6 4.Nc3 a6 5.c5 Bf5 6.Bf4 Nbd7 7.h3 Ne4 8.g4 Nxc3
9.bxc3 Be4 10.Qb3 e5 11.Be3 Qc7 12.Bg2 h5 13.Kd2 exd4 14.cxd4 Rb8 15.Qc3 b6
16.Rhc1 hxg4 17.hxg4 Be7 18.Rh1 O-O 19.Rh3 bxc5 20.Rah1 f5 21.dxc5 Bf6 22.Bd4 Bxf3
23.Qxf3 Qa5+ 24.Kc1 Bg5+ 25.e3 Qa3+ 26.Kd2 Qxa2+ 27.Kd3 Rb3+  0-1

[Event "32nd Bratto Masters"]
[Site "Bratto ITA"]
[Date "2012.08.25"]
[Round "8.1"]
[White "Neelotpal,D"]
[Black "Burmakin,V"]
[Result "0-1"]
[WhiteElo "2469"]
[BlackElo "2608"]

1.d4 c6 2.c4 Nf6 3.Nc3 d5 4.Nf3 a6 5.c5 Bf5 6.Bf4 Nbd7 7.Nh4 Be4 8.e3 h6
9.Bg3 e6 10.Be2 Bh7 11.Nf3 Nh5 12.Bh4 g5 13.Bg3 Nxg3 14.hxg3 Bg7 15.Bd3 Bxd3
16.Qxd3 b6 17.cxb6 Qxb6 18.O-O c5 19.Na4 Qb5 20.Qxb5 axb5 21.Nxc5 Nxc5 22.dxc5 Bxb2
23.Rab1 Rxa2 24.Rfd1 Bf6 25.Nd4 Bxd4 26.exd4 Ra5 27.Ra1 Rxa1 28.Rxa1 Ke7
29.Ra7+ Kf6 30.Ra6 Rb8 31.Kf1 Ke7 32.Ra7+ Ke8 33.Ke2 b4 34.c6 Rc8 35.Rb7 Rxc6
36.Rxb4 Rc2+ 37.Ke3 Rc1 38.Rb8+ Ke7 39.Rh8 Rh1 40.Rb8 Re1+ 41.Kd3 Rg1 42.Ke2 Rxg2
43.Kf1 Rh2 44.Kg1 Rh5 45.Rg8 f6 46.Rg7+ Kf8 47.Rh7 g4 48.Kg2 Kg8 49.Rd7 Rf5
50.Rd6 Kf7 51.Rd7+ Ke8 52.Rh7 h5 53.Kf1 e5 54.dxe5 Rxe5 55.f4 gxf3 56.Kf2 d4
57.Ra7 d3 58.Ra1 d2 59.Rd1 Rd5 60.Kxf3 Kf7 61.Ke3 Ke6 62.Rxd2 Rxd2 63.Kxd2 Kf5
64.Ke3 Kg4 65.Kf2 Kh3 66.Kf3 Kh2 67.g4 h4  0-1

[Event "12th ch-Euro Seniors"]
[Site "Kaunas LTU"]
[Date "2012.08.25"]
[Round "8.38"]
[White "Lindblom,R"]
[Black "Deiana,G"]
[Result "1-0"]
[WhiteElo "1920"]
[BlackElo "1679"]

1.d4 d5 2.c4 c6 3.Nf3 Nf6 4.Nc3 a6 5.e3 b5 6.cxb5 cxb5 7.Ne5 e6 8.Bd3 Bb7
9.O-O Bd6 10.f4 Nc6 11.a3 Ne7 12.Bd2 O-O 13.Qf3 Rc8 14.Rfe1 Ng6 15.g4 b4
16.axb4 Bxb4 17.Kh1 Bxc3 18.Bxc3 Ne4 19.Nxg6 hxg6 20.Bxe4 dxe4 21.Qf2 f5
22.Rg1 Kf7 23.gxf5 exf5 24.Qg3 Qb6 25.Ra4 Qe6 26.d5 Bxd5 27.Ra5 Bc4 28.Re5 Qb6
29.Bd4 Qc6 30.Bc5 Rh8 31.Rxf5+ Ke8 32.Qxg6+ Qxg6 33.Rxg6 Rh3 34.Rxg7  1-0

[Event "37th Trade Fair Open A"]
[Site "Brno CZE"]
[Date "2012.08.26"]
[Round "2"]
[White "Zemanek,J"]
[Black "Svobodova,M"]
[Result "0-1"]
[WhiteElo "1858"]
[BlackElo "2021"]

1.d4 d5 2.c4 c6 3.Nc3 Nf6 4.Nf3 a6 5.e3 b5 6.cxb5 cxb5 7.a3 Bg4 8.Be2 e6
9.O-O Nbd7 10.h3 Bh5 11.b4 Be7 12.Re1 O-O 13.Bb2 Rc8 14.g4 Bg6 15.Nh4 Nb6
16.Nxg6 hxg6 17.Qb3 Qd6 18.Bd3 Nc4 19.Bc1 Nh7 20.Ne2 f5 21.Ra2 Ng5 22.Kg2 fxg4
23.hxg4 Rxf2+ 24.Kxf2 Qh2+ 25.Kf1 Qh3+ 26.Kf2 Qf3+ 27.Kg1 Qxg4+ 28.Kf1 Qf3+
29.Kg1 Nh3+ 30.Kh2 Qf2+ 31.Kxh3 Qxe1 32.Nf4 Qxc1 33.Nxg6 Qxe3+ 34.Kg2 Bd6
35.Ne5 Qg5+ 36.Kh3 Bxe5 37.dxe5 Nxe5 38.Be2 Ng6 39.Bf3 Qh4+ 40.Kg2 Nf4+  0-1

[Event "37th Trade Fair Open A"]
[Site "Brno CZE"]
[Date "2012.08.27"]
[Round "3"]
[White "Gleizerov,E"]
[Black "Dambrauskas,V"]
[Result "1-0"]
[WhiteElo "2569"]
[BlackElo "2322"]

1.d4 d5 2.c4 c6 3.Nf3 Nf6 4.Nc3 a6 5.Ne5 b5 6.cxd5 cxd5 7.Bf4 e6 8.e3 Nfd7
9.Bd3 Nxe5 10.Bxe5 Nd7 11.Bg3 Nf6 12.O-O Bd6 13.a4 Bxg3 14.hxg3 b4 15.Na2 a5
16.Nc1 Ba6 17.Nb3 Ne4 18.Bxa6 Rxa6 19.Qe2 Ra8 20.Qb5+ Ke7 21.Rfc1 Nd6 22.Qe2 Qb6
23.Rc5 Rhc8 24.Rac1 Qd8 25.Qh5 h6 26.Qh4+ f6 27.Qg4 Kf7 28.Qh5+ Kf8 29.Qe2 Ke7
30.Qc2 f5 31.Nd2 Rxc5 32.dxc5 Ne8 33.Nf3 Qc7 34.Nd4 Kf7 35.c6 Nd6 36.Nb5 Qe7
37.c7  1-0

[Event "World Youth U16 Olympiad 2012"]
[Site "Istanbul TUR"]
[Date "2012.08.30"]
[Round "2.23"]
[White "Koekemoer,Bernard"]
[Black "Can,Melih Kaan"]
[Result "0-1"]
[WhiteElo "1765"]
[BlackElo "1884"]

1.d4 d5 2.c4 c6 3.Nf3 Nf6 4.Nc3 a6 5.e3 b5 6.cxd5 cxd5 7.Bd3 e6 8.O-O Bb7
9.Bd2 Nbd7 10.Rc1 Be7 11.Qe2 O-O 12.Rc2 Nb6 13.Nb1 Nc4 14.b3 Nxd2 15.Qxd2 Ne4
16.Qe2 b4 17.Rfc1 Qb6 18.Ne5 Rfc8 19.Bxe4 dxe4 20.Rxc8+ Rxc8 21.Rxc8+ Bxc8
22.Qc2 Bb7 23.Nd2 f6 24.Nec4 Qc6 25.Qd1 Qd5 26.Qg4 a5 27.Qf4 h6 28.Qb8+ Kh7
29.Qa7 Bd8 30.Nb2 e5 31.Nbc4 exd4 32.Qxd4 Bc7 33.Qxd5 Bxd5 34.Kf1 Kg6 35.h3 f5
36.Ke2 Kh5 37.Ke1 g5 38.Kd1 Kh4 39.Ke2 f4 40.Nb2 f3+ 41.gxf3 exf3+ 42.Nxf3+ Bxf3+
43.Kxf3 Kxh3 44.Nd3 h5 45.e4 g4+ 46.Ke2 Kg2  0-1

[Event "37th Trade Fair Open A"]
[Site "Brno CZE"]
[Date "2012.08.31"]
[Round "7"]
[White "Roubalik,J"]
[Black "Kireev,Al"]
[Result "1/2-1/2"]
[WhiteElo "2319"]
[BlackElo "2345"]

1.d4 d5 2.c4 c6 3.Nc3 Nf6 4.Nf3 a6 5.Bf4 e6 6.e3 Nbd7 7.h3 Be7 8.c5 O-O 9.b4 Ne8
10.Bd3 Nc7 11.Qc2 f5 12.O-O Nf6 13.Ne5 Bd7 14.a4 Be8 15.Rab1 Nd7 16.b5 axb5
17.axb5 Nxe5 18.Bxe5 Bd7 19.bxc6 Bxc6 20.Nb5 Nxb5 21.Bxb5 Bf6 22.Bxf6 Qxf6
23.f4 Ra3 24.Bd3 Rfa8 25.Rb2 Qd8 26.Rfb1 Qa5 27.Qd2 Qc3 28.Qxc3 Rxc3 29.Rb3 Ra3
30.Rxc3 Rxc3 31.Rd1 Rb3 32.Kf2 b6 33.cxb6 Rxb6 34.Rc1 Kf7 35.g4 g6 36.Kf3 Kf6
37.g5+ Kg7 38.h4 h5 39.Ra1 Be8 40.Ra7+ Bf7 41.Ra2 Rb7 42.Ke2 Rc7 43.Kd2 Kf8
44.Bb5 Rb7 45.Ra5 Rc7 46.Ba4 Ke7 47.Ra6 Rb7 48.Kc2 Rc7+ 49.Kb2 Rb7+ 50.Bb3 Rc7
51.Rb6 Ra7 52.Bc2 Kd7 53.Kc3 Ra3+ 54.Bb3 Ra1 55.Rb7+ Ke8 56.Kb4 Rc1 57.Ba4+ Kf8
58.Bb5 Rc2 59.Ra7 Rc1 60.Ra8+ Ke7 61.Ra3 Kf8 62.Rc3 Rxc3 63.Kxc3 Ke7 64.Kb4 Bg8
65.Kc5 Bf7 66.Kc6 Be8+ 67.Kb6 Bf7 68.Kc7 Bg8 69.Bc6  1/2-1/2

[Event "11th Istanbul Open A"]
[Site "Istanbul TUR"]
[Date "2012.09.01"]
[Round "3"]
[White "Alnami,Salaheddin"]
[Black "Seyhanoglu,D"]
[Result "0-1"]
[WhiteElo "1727"]
[BlackElo "2072"]

1.d4 d5 2.c4 c6 3.Nf3 Nf6 4.Nc3 a6 5.c5 g6 6.Bf4 Bg7 7.e3 Nbd7 8.Be2 O-O
9.Ne5 Ne8 10.Nxd7 Qxd7 11.Na4 e5 12.Nb6 Qe7 13.Nxa8 exf4 14.Nb6 Bf5 15.g4 Be6
16.exf4 Bxg4 17.Qd2 Bxd4 18.h3 Bxc5 19.Na4 Bb4 20.Nc3 Bf3 21.O-O Bxc3 22.Qxc3 Bxe2
23.Rfe1 Nd6 24.Qe5 Re8 25.Rxe2 Qd7 26.Qxd6 Qxd6 27.Rxe8+ Kg7 28.Re5 Qf6 29.Rae1 Qxf4
30.Re7 Qb4 31.b3 b5 32.R1e3  0-1

[Event "14th Trieste Open A"]
[Site "Trieste ITA"]
[Date "2012.09.02"]
[Round "2"]
[White "Tonel,G"]
[Black "Egartner,W"]
[Result "0-1"]
[WhiteElo "1975"]
[BlackElo "2132"]

1.d4 d5 2.c4 c6 3.Nf3 Nf6 4.Nc3 a6 5.e3 e6 6.Bd3 c5 7.O-O Nc6 8.a3 dxc4 9.Bxc4 b5
10.Bd3 c4 11.Bc2 Be7 12.Qe2 O-O 13.Rd1 Qc7 14.e4 e5 15.Nd5 Nxd5 16.exd5 Nxd4
17.Nxd4 exd4 18.Rxd4 Bf6 19.d6 Qd7 20.Qe4 g6 21.Bh6 Re8 22.Qf4 Be5 23.Qh4 Bb7
24.Rad1 Bxd4 25.Qxd4 f5 26.h4 Re2 27.Qc3 Rae8 28.h5 R8e6 29.b3 Be4 30.Bxe4 R2xe4
31.bxc4 Rxc4 32.Qf3 Rce4 33.Qc3 Rc4 34.Qf3 Rc6 35.Bf4 Rexd6 36.Qb3+ Qe6 37.Qxe6+ Rxe6
38.Rd8+ Kf7 39.h6 Re8 40.Rd7+ Re7 41.Rd8 Ke6 42.Bg5 Rd7 43.Re8+ Kd5  0-1

[Event "14th Trieste Open A"]
[Site "Trieste ITA"]
[Date "2012.09.04"]
[Round "5"]
[White "Pregarac,V"]
[Black "Plenca,Jadranko"]
[Result "1/2-1/2"]
[WhiteElo "2181"]
[BlackElo "2049"]

1.d4 d5 2.c4 c6 3.Nf3 Nf6 4.Nc3 a6 5.e3 e6 6.Bd3 dxc4 7.Bxc4 b5 8.Bb3 c5
9.O-O Bb7 10.Qe2 Nbd7 11.Rd1 Be7 12.Bc2 O-O 13.e4 c4 14.e5 Nd5 15.Qe4 g6
16.Qg4 Nxc3 17.bxc3 Bxf3 18.Qxf3 Nb6 19.g3 Nd5 20.h4 Re8 21.Kg2 b4 22.cxb4 Bxb4
23.Ba4 Rf8 24.Bh6 Nc3 25.Bxf8 Kxf8 26.Bc6 Nxd1 27.Bxa8 Nc3 28.h5 Qxd4 29.hxg6 hxg6
30.Rh1 Qxe5 31.Rh7 Qf5 32.Qb7 Qd5+ 33.Kf1 Qd1+ 34.Kg2 Qd5+ 35.Kf1 Qd1+  1/2-1/2

[Event "11th Kesarovski-Stanchev Mem"]
[Site "Sunny Beach BUL"]
[Date "2012.09.06"]
[Round "6.1"]
[White "Nabaty,T"]
[Black "Dimitrov,R"]
[Result "1-0"]
[WhiteElo "2590"]
[BlackElo "2411"]

1.Nf3 Nf6 2.c4 c6 3.Nc3 d5 4.d4 a6 5.cxd5 cxd5 6.Bf4 e6 7.e3 Be7 8.Bd3 b5
9.Rc1 O-O 10.O-O Bb7 11.Ne5 Nbd7 12.Nxd7 Nxd7 13.a4 b4 14.Na2 Rc8 15.Rxc8 Qxc8
16.Qb3 e5 17.Rc1 Qa8 18.Bg3 e4 19.Bf1 a5 20.Rc7 Bc6 21.Qc2 b3 22.Qxc6 Qxc6
23.Rxc6 bxa2 24.Rc1 Nb6 25.Ra1 Rc8 26.Rxa2 Rc2 27.Ra1 Nc4 28.b3 Nd2 29.Ba6 Nxb3
30.Rb1 Rc1+ 31.Rxc1 Nxc1 32.f3 Na2 33.Bc7 Bb4 34.fxe4 Nc3 35.Bb7 dxe4 36.d5 Nxa4
37.d6 Nc5 38.Bc8 a4 39.d7 Ne6 40.Bb7 Be7 41.Ba5 a3 42.Bd5 Nd8 43.Kf2 Kf8
44.Ke2 f5 45.Kd2 Bf6 46.Bb4+ Be7 47.Ba5 Bf6 48.Bb4+ Be7 49.Ba5 g5 50.Kc2 Kg7
51.Kb3 Kg6 52.h3 h5 53.g3 h4 54.gxh4 gxh4 55.Bc7 Kf6 56.Kc3 Kg6 57.Kc2 Kf6
58.Kb3 Kg6 59.Ka4 Kf6 60.Kb3 Kg6 61.Ba5 Kg5 62.Bb6 Kg6 63.Ka2 Kg5 64.Bc7 Kf6
65.Kb3 f4 66.exf4 e3 67.Kc2 Kf5 68.Kd3 e2 69.Kxe2 Ne6 70.Bd6 Bd8 71.Bxe6+ Kxe6
72.Bxa3 Kxd7 73.Kf3 Ba5 74.Ke4 Ke6 75.Bb2 Bd2 76.f5+ Kf7 77.Kf3 Be1 78.Kg4 Ke7
79.Kg5 Kf7 80.Bd4 Bg3 81.Be3 Be1 82.Kg4 Kf6 83.Bg5+ Ke5 84.Bd8 Bf2 85.Kg5 Bc5
86.Kg6 Bf2 87.f6  1-0

[Event "14th Trieste Open A"]
[Site "Trieste ITA"]
[Date "2012.09.06"]
[Round "7"]
[White "Tesic,D"]
[Black "Plenca,Jadranko"]
[Result "1-0"]
[WhiteElo "2348"]
[BlackElo "2049"]

1.d4 d5 2.Nf3 Nf6 3.c4 c6 4.Nc3 a6 5.cxd5 cxd5 6.Bg5 Ne4 7.Bh4 Nc6 8.e3 Nxc3
9.bxc3 Na5 10.Bd3 Qc7 11.Qc2 e6 12.Bg3 Bd6 13.Bxd6 Qxd6 14.O-O Bd7 15.Ne5 h6
16.Bg6 O-O 17.Bh7+ Kh8 18.Bd3 Rac8 19.Qb2 Be8 20.Rfc1 b5 21.Bb1 Nc4 22.Qc2 g6
23.Nd3 e5 24.Qe2 Kg7 25.Bc2 a5 26.Bb3 e4 27.Nc5 Nb6 28.f3 a4 29.Bc2 f5 30.Rab1 Bc6
31.f4 Nd7 32.Nxd7 Bxd7 33.Bd1 Rb8 34.Rb4 Ra8 35.Qd2 Rfb8 36.Rcb1 Bc6 37.Qb2 Rb7
38.c4 Rab8 39.c5 Qd7 40.Qf2 Ra8 41.Be2 Re8 42.h3 Kh7 43.a3 Rg8 44.Qf1 Rgb8
45.Kf2 Kg7 46.Ke1 Kh8 47.Kd2 Kh7 48.Qf2 Qe7 49.g4 Qf6 50.Rg1 Qf7 51.Qh4 Qf8
52.g5 Qg7 53.gxh6 Qxh6 54.Qf6  1-0

[Event "FSIM Sept 2012"]
[Site "Budapest HUN"]
[Date "2012.09.07"]
[Round "7.6"]
[White "Wunnink,M"]
[Black "Nguyen Huynh Minh Huy"]
[Result "1/2-1/2"]
[WhiteElo "2265"]
[BlackElo "2435"]

1.d4 d5 2.c4 c6 3.Nc3 Nf6 4.Nf3 a6 5.a4 g6 6.Bf4 Bg7 7.e3 O-O 8.Be2 dxc4
9.Bxc4 c5 10.h3 cxd4 11.exd4  1/2-1/2

[Event "FSIM Sept 2012"]
[Site "Budapest HUN"]
[Date "2012.09.08"]
[Round "8.3"]
[White "Petran,Pa"]
[Black "Farago,S"]
[Result "1/2-1/2"]
[WhiteElo "2331"]
[BlackElo "2234"]

1.d4 d5 2.c4 c6 3.Nf3 Nf6 4.Nc3 a6 5.a4 Nbd7 6.cxd5 cxd5 7.Bf4 Nh5 8.Bd2 Nhf6
9.e3 e6 10.Bd3 b6 11.O-O Bb7 12.Qb3 Bd6 13.Na2 Ne4 14.Bb4 Qb8 15.Qa3 Bxb4
16.Qxb4 Qd6 17.Rfc1 Qxb4 18.Nxb4 Nd6 19.a5 b5 20.b3 f6 21.Nd2 Ke7 22.f3 f5
23.Be2 Rhc8 24.Nd3 Rxc1+ 25.Rxc1 Rc8 26.Rxc8 Bxc8 27.Kf2 Nb7 28.b4 Nd6 29.Ne5 Nxe5
30.dxe5 Nf7 31.f4 Nd8 32.Nb3 Nc6 33.Ke1 Nxb4 34.Nd4 Kd7 35.Kd2 Nc6 36.Nb3 Kc7
37.Kc3 Bd7 38.h4 g6 39.Bd1 Bc8 40.g3 Bd7 41.Bc2 Bc8 42.Bd1 Bd7  1/2-1/2

[Event "14th Trieste Open A"]
[Site "Trieste ITA"]
[Date "2012.09.08"]
[Round "9"]
[White "Beletic,D"]
[Black "Plenca,Jadranko"]
[Result "1/2-1/2"]
[WhiteElo "2230"]
[BlackElo "2049"]

1.d4 d5 2.c4 c6 3.Nf3 Nf6 4.Nc3 a6 5.cxd5 cxd5 6.Bf4 Nc6 7.Rc1 Bf5 8.Ne5 Rc8
9.e3 Nxe5 10.Bxe5 Nd7 11.Bg3  1/2-1/2

[Event "3rd Livigno Open A"]
[Site "Livigno ITA"]
[Date "2012.09.10"]
[Round "1.3"]
[White "Tesic,D"]
[Black "Volkov,Sergey1"]
[Result "0-1"]
[WhiteElo "2348"]
[BlackElo "2575"]

1.d4 d5 2.Nf3 c6 3.c4 Nf6 4.Nc3 a6 5.e3 b5 6.b3 Bg4 7.Be2 e6 8.O-O Nbd7 9.Ne5 Bxe2
10.Nxe2 dxc4 11.Nxd7 Qxd7 12.bxc4 c5 13.cxb5 axb5 14.dxc5 Bxc5 15.Qb3 b4
16.Bb2 O-O 17.Rfc1 Rfc8 18.Rc4 Bf8 19.Rxc8 Qxc8 20.Nd4 Ne4 21.Qd1 Qc4 22.Qf1 Qd5
23.Nb3 h5 24.Qe1 Qd3 25.f3 Nc3 26.Bxc3 bxc3 27.Rc1 c2 28.Qd2 Qxd2 29.Nxd2 Rc8  0-1

[Event "3rd Livigno Open A"]
[Site "Livigno ITA"]
[Date "2012.09.10"]
[Round "1.14"]
[White "Naumkin,I"]
[Black "Wenninger,P"]
[Result "1-0"]
[WhiteElo "2473"]
[BlackElo "2207"]

1.d4 d5 2.c4 c6 3.Nf3 Nf6 4.Nc3 a6 5.Ne5 dxc4 6.Nxc4 b5 7.Ne5 Bb7 8.Bf4 e6
9.e3 Nbd7 10.Qf3 Be7 11.Be2 Qb6 12.Qg3 Nxe5 13.Bxe5 O-O 14.O-O c5 15.dxc5 Qxc5
16.Rac1 Qb6 17.Rcd1 Ne8 18.Bf3 Bf6 19.Bxb7 Qxb7 20.f4 Rd8 21.a3 Bxe5 22.Rxd8 Bxc3
23.bxc3 Qe7 24.Rfd1 Qxa3 25.Qf3 Qe7 26.Qa8 e5 27.Qxa6 exf4 28.exf4 Qc5+ 29.Kh1 Qxc3
30.Qxb5 Qe3 31.h3 g6 32.Qb4 Qe6 33.Re1 Qc6 34.Qe7 Qf6 35.Rxe8  1-0

[Event "zt 3.5 China Men 2012"]
[Site "Beijing CHN"]
[Date "2012.09.15"]
[Round "2.14"]
[White "Wang,Hao B"]
[Black "Fang,Yuxiang"]
[Result "1-0"]
[WhiteElo "2185"]
[BlackElo "2104"]

1.d4 d5 2.Nf3 Nf6 3.c4 c6 4.Nc3 a6 5.a4 g6 6.Bf4 Bg7 7.e3 O-O 8.Be2 c5 9.O-O cxd4
10.Nxd4 dxc4 11.Bxc4 Nbd7 12.Bg3 Nb6 13.Ba2 Nbd5 14.Nxd5 Nxd5 15.Qb3 Bxd4
16.exd4 e6 17.Be5 b6 18.Qg3 Bb7 19.Bd6 Re8 20.Bxd5 Bxd5 21.Bc7 Qe7 22.Bxb6 Qb4
23.Bc5 Qxb2 24.Rfb1 Qc2 25.h3 h5 26.Rb6 a5 27.Kh2 Qe4 28.f3 Qc2 29.Re1 Qxa4
30.Re5 Qc2 31.Rxh5 a4 32.Bd6 f6 33.Rb2 Qd3 34.Rd2 Qb1 35.Rd1 Qc2 36.Rc1 Qd3
37.Rh6 Ra7 38.Qh4 g5 39.Rh8+ Kg7 40.Qh6+ Kf7 41.Qh5+  1-0

[Event "zt 3.5 China Men 2012"]
[Site "Beijing CHN"]
[Date "2012.09.16"]
[Round "3.19"]
[White "Li Bo"]
[Black "Yu,Chaojie"]
[Result "1-0"]
[WhiteElo "2237"]
[BlackElo "2159"]

1.d4 d5 2.Nf3 Nf6 3.c4 c6 4.Nc3 a6 5.c5 Nbd7 6.Bf4 Nh5 7.e3 g6 8.Bd3 Bg7
9.O-O O-O 10.h3 Nxf4 11.exf4 Re8 12.Qc2 e6 13.h4 b6 14.b4 bxc5 15.bxc5 Qf6
16.Ne2 Qd8 17.h5 a5 18.g3 Ba6 19.hxg6 hxg6 20.Kg2 Qc7 21.Bxa6 Rxa6 22.Rab1 Ra7
23.Ne5 Bxe5 24.fxe5 Kg7 25.Rh1 Raa8 26.Qd2 Rh8 27.Qg5 Rxh1 28.Rxh1 Rh8 29.Rxh8 Kxh8
30.Qe7 Kg8 31.Nf4 Qc8 32.a4 Nb8 33.Qa7 Nd7 34.Qxa5 Qb7 35.Qd8+ Nf8 36.Qb6 Qxb6
37.cxb6 Nd7 38.a5 Kf8 39.b7 Nb8 40.Nd3  1-0